Logo BPK

Biblioteka

Politechniki Koszalińskiej

Java for engineers and scientists / (Rekord nr 40044)

Szczegóły MARC
000 -ETYKIETA REKORDU
podpole kontrolne o stałej długości 00598nam a2200217 i 4500
001 - NUMER KONTROLNY REKORDU
pole kontrolne bg
020 ## - MIĘDZYNARODOWY ZNORMALIZOWANY NUMER KSIĄŻKI - ISBN
ISBN 0139195238
040 ## - ŹRÓDŁO KATALOGOWANIA
Instytucja, która utworzyła rekord BPK
041 0# - KOD JĘZYKA
Kod języka tekstu en
080 ## - UNIWERSALNA KLASYFIKACJA DZIESIĘTNA - UKD
UKD 004.438Java
920 ## - Międzynarodowy znormalizowany numer książki – ISBN
ISBN 0-13-919523-8
008 - POLE O STAŁEJ DŁUGOŚCI - DANE KONTROLNE
podpole kontrolne o stałej długości s pl f |000 0 pol
100 1# - NAZWA OSOBOWA
Nazwa osobowa CHAPMAN, Stephen J.
245 10 - TYTUŁ/ODPOWIEDZIALNOŚĆ
Tytuł Java for engineers and scientists /
Pozostałe elementy strefy tytułu i oznaczenia odpowiedzialności Stephen J. Chapman.
260 ## - STREFA ADRESU WYDAWNICZEGO
Miejsce wydania Upper Saddle River :
Nazwa wydawcy/dystrybutora Prentice Hall,
Data publikacji, dystrybucji/powstania dokumentu 2000.
300 ## - STREFA OPISU FIZYCZNEGO
Objętość XIX, 572 s. :
Inne cechy fizyczne rys., wykr. ;
Rozmiary 24 cm.
504 ## - UWAGA DOTYCZĄCA BIBLIOGRAFII
Informacje o bibliografii Indeks.
650 #9 - HASŁO PRZEDMIOTOWE W FORMIE NAZWY OGÓLNEJ LUB JEDNOSTKOWEJ
Nazwa ogólna lub geograficzna Java
856 ## - LOKALIZACJA I DOSTĘP DO ELEKTRONICZNYCH DOKUMENTÓW ZDALNYCH
Link (URL) http://koha.tu.koszalin.pl/cgi-bin/koha/opac-detail.pl?biblionumber=40044
Tekst linku Katalog online BPK
942 ## - DODATKOWE ELEMENTY (KOHA)
Typ dokumentu Książka
Egzemplarze
Wycofany Status egzemplarza Uszkodzony Dostępność Lokalizacja stała Lokalizacja bieżąca Miejsce przechowywania Sygnatura Kod kreskowy Typ dokumentu
      Dostępny Biblioteka Politechniki Koszalińskiej Biblioteka Politechniki Koszalińskiej Wypożyczalnia BG 59913 01619638 Książka
© 2023 Biblioteka Politechniki Koszalińskiej :: KOHA